Science Quiz

Random Science or Clickable Quiz

Three-Word Flower Names II Quiz Stats

 Plays Quiz not verified by Sporcle

Challenge
Share
Tweet
Score 0/6 Timer 02:00
0 Plays Today
% Correct
Bird
95.9%
Star
90.5%
Rose
85.8%
New
79.9%
Marvel
67.5%
Silver
65.1%

You're not logged in!

Compare scores with friends on all Sporcle quizzes.
OR
Log In

You Might Also Like...

Show Comments

Extras

Created Jun 21, 2016ReportNominate
Tags:Clickable Quiz, flower, form, matching

Top Quizzes Today


Score Distribution

Your Account Isn't Verified!

In order to create a playlist on Sporcle, you need to verify the email address you used during registration. Go to your Sporcle Settings to finish the process.

Report this User

Report this user for behavior that violates our Community Guidelines.

Details: